| Tag |
First Indicator |
Second Indicator |
Subfields |
| LEADER |
00000cam a22000001 4500 |
| 001 |
in00000067497 |
| 005 |
20151007083732.0 |
| 008 |
720107s1959 nyu 00000 eng |
| 010 |
|
|
|a 59007506
|
| 035 |
|
|
|a (OCoLC)00165883
|
| 035 |
|
|
|9 AAF9802AM
|
| 040 |
|
|
|a DLC
|c DLC
|d TXA
|d UtOrBLW
|
| 049 |
|
|
|a TXAM
|c [460045]
|
| 050 |
0 |
0 |
|a H61
|b .M5
|
| 082 |
0 |
|
|a 301
|
| 092 |
|
|
|a 301
|b M657s
|
| 100 |
1 |
|
|a Mills, C. Wright
|q (Charles Wright),
|d 1916-1962.
|
| 245 |
1 |
4 |
|a The sociological imagination.
|
| 264 |
|
1 |
|a New York :
|b Oxford University Press,
|c 1959.
|
| 300 |
|
|
|a 234 pages ;
|c 22 cm.
|
| 336 |
|
|
|a text
|b txt
|2 rdacontent
|
| 337 |
|
|
|a unmediated
|b n
|2 rdamedia
|
| 338 |
|
|
|a volume
|b nc
|2 rdacarrier
|
| 536 |
|
|
|a Dr. Paul P. Van Riper Collection, Department of Political Science, 2004.
|
| 650 |
|
0 |
|a Social sciences.
|
| 650 |
|
0 |
|a Sociology.
|
| 999 |
|
|
|a MARS
|
| 999 |
f |
f |
|s 7a574cab-d78a-3d97-bd4d-09e65b205fb4
|i 0cd00f6d-7ef8-3840-a5d4-26efcf819123
|t 0
|
| 952 |
f |
f |
|p normal
|a Texas A&M University
|b College Station
|c Sterling C. Evans Library
|s Evans stk
|d Evans: Library Stacks
|t 0
|e H61 .M5
|h Library of Congress classification
|i unmediated -- volume
|m A14800633509
|
| 998 |
f |
f |
|a H61 .M5
|t 0
|l Evans: Library Stacks
|